Disputa textilera en el marco del GATT

Salvato in:
Dettagli Bibliografici
Natura: testo
Soggetti:
Tags: Aggiungi Tag
Nessun Tag, puoi essere il primo ad aggiungerne!!

MARC

LEADER 00000 a a2200000 04500
001 5854
003
040
245 |a Disputa textilera en el marco del GATT  
650 |a GATT  
650 |a TEXTILES  
650 |a COMERCIO INTERNACIONAL  
650 |a EXPORTACIONES  
773 |g volumen 15, número 624; páginas 7-9  
999 |c 28806  |d 28806